00848nam a2200229 a 450000100100000000500170001000800410002702000180006804000250008608200150011110000270012624501010015325000130025426000520026730000280031950000470034770000340039470000320042870000280046095201130048899900170060100004076720201002034350.0130906s2004 sp a 001 0 spa d a9788478290635 aDO-SdBNPbspacBNPHU axxxxbxxxx1 aAbel, Andrew B.96717410aMacroeconomía. /cAndrew B. Abel, Ben S. Bernanke; traducción, Esther Rabasco, Luis Toharia. a4ta. ed. aMadrid, España :bPearson educación,c2004. a757 p. :bil. ;c25 cm. aIncluye datos biografícos de los autores1 aRabasco, Estheretrad.9478021 aToharia, Luisetrad.9478031 aBernanke, Ben S.967175 001050718MOaGRbGRcCTd2013-09-06iLF1l0oxxxx xxxxp40767-10r2020-06-25w2020-06-25y1ZNo se presta c40257d40257